Xây dựng ứng dụng Windows với C++.net toàn tập

Uloženo v:
Podrobná bibliografie
Hlavní autor: Phương Lan
Médium: Kniha
Jazyk:Undetermined
Vydáno: Cà Mau Mũi Cà Mau 2003
Témata:
Tagy: Přidat tag
Žádné tagy, Buďte první, kdo otaguje tento záznam!
Thư viện lưu trữ: Trung tâm Học liệu Trường Đại học Cần Thơ
LEADER 00554nam a2200193Ia 4500
001 CTU_60637
008 210402s9999 xx 000 0 und d
020 |b 39000 
082 |a 005.133 
082 |b Ph561 
100 |a Phương Lan 
245 0 |a Xây dựng ứng dụng Windows với C++.net toàn tập 
245 0 |c Phương Lan 
260 |a Cà Mau 
260 |b Mũi Cà Mau 
260 |c 2003 
650 |a C++ ( computer program language ) 
904 |i Minh, Năm 
980 |a Trung tâm Học liệu Trường Đại học Cần Thơ